000 00842nam a2200181 4500
001 157140
003 ES-MaACL
005 20250830061158.0
008 950322s1822 sp |||| | spa d
040 _aEUS
_bspa
_cEUS
245 0 0 _aLarraga del año 1822, ó Prontuario de teología moral conforme á las doctrinas eclesiásticas y políticas vigentes en España
_b: obra interesante, no solo á los ecleiásticos, sino á los seculares de uno y otro sexo /
_cpor dos individuos del clero español amantes de sus compratiotas.
260 _aMadrid :
_b[s.n.],
_c1822 (
_fImprenta de D.Juan Brugada)
300 _a2 v. ;
_c21 cm.
650 7 _aMoral cristiana
_2
_9142371
700 0 1 _aIndividuos del clero español amantes de sus compratiotas, dos.
_9222722
852 _aES-MaACL
_jG-13156-13157
_z-- Enc. hol.
999 _c157140
_d157140